| 000 | 00520nam a2200193Ia 4500 | ||
|---|---|---|---|
| 008 | 220531s9999 xx 000 0 und d | ||
| 041 | _aeng | ||
| 082 | _bSOC / PAT | ||
| 100 |
_aPathak, Avijit _979831 |
||
| 245 | _aSocial Implications of Schooling: knowledge, Pedagogy and Consciousness | ||
| 250 | _a1ST | ||
| 260 |
_aDelhi _bAakar _c2013 |
||
| 300 | _a1 | ||
| 542 | _d30-06-2016 | ||
| 551 |
_aSociology _bNon-grant-SCO |
||
| 650 |
_aSociology _979832 |
||
| 906 |
_d2016-2017 _f9115 |
||
| 999 |
_c44159 _d44159 |
||